[Event "Dublin-ch Final Weekender 100th"]
[Site "Dublin"]
[Date "2021.08.21"]
[Round "3"]
[White "Carolan, James"]
[Black "McDonnell, Odhran"]
[Result "0-1"]
[WhiteElo "1339"]
[BlackElo "1715"]
[PlyCount "148"]
[EventDate "2021.08.20"]
[EventType "swiss"]
[EventRounds "5"]
[EventCountry "IRL"]
[SourceTitle "CBM 204 Extra"]
[Source "ChessBase"]
[SourceDate "2021.11.30"]
[SourceVersion "1"]
[SourceVersionDate "2021.11.30"]
[SourceQuality "1"]

1. e4 c6 2. d4 d5 3. Nc3 dxe4 4. Nxe4 Nd7 5. Bd3 Ngf6 6. Nxf6+ Nxf6 7. Nf3 Bg4 8. c3 e6 9. h3 Bxf3 10. Qxf3 Bd6 11. Bg5 h6 12. Bh4 Qe7 13. 0-0-0 0-0-0 14. Rhe1 g5 15. Bg3 Bxg3 16. Qxg3 Nd5 17. Kb1 Qd6 18. Qe5 Qxe5 19. Rxe5 Nf4 20. Bf1 Rhe8 21. g3 Ng6 22. Ree1 Rd6 23. Bc4 Red8 24. Bb3 Kc7 25. Bc2 Ne7 26. f4 gxf4 27. gxf4 Nd5 28. f5 Rg8 29. Rg1 Rdd8 30. fxe6 fxe6 31. Rg6 Rxg6 32. Bxg6 Nf4 33. Bc2 Rg8 34. h4 Rg4 35. Rh1 Kd6 36. Bd1 Rg2 37. Rf1 Nd5 38. Bf3 Rg6 39. c4 Ne3 40. c5+ Ke7 41. Bh5 Nxf1 42. Bxg6 Kf6 43. Bd3 Nd2+ 44. Kc2 Nf3 45. h5 Nxd4+ 46. Kd2 Nf5 47. b4 Ng3 48. b5 cxb5 49. Bxb5 Ne4+ 50. Ke3 Nxc5 51. Be2 Ke5 52. Bf3 b6 53. Bc6 Kf5 54. a4 Kg4 55. Be8 e5 56. Bg6 Nxa4 57. Ke4 b5 58. Kxe5 b4 59. Bf7 a5 60. Kf6 Nc3 61. Kg6 a4 62. Kxh6 b3 63. Kg7 b2 64. h6 b1Q 65. h7 Qxh7+ 66. Kxh7 Kf4 67. Bh5 Ke3 68. Kg7 Kd2 69. Kf6 Kc2 70. Bg6+ Kb2 71. Ke5 a3 72. Bf7 Nb1 73. Kd4 Nd2 74. Kd3 Nb3 0-1

[Event "Checkmate Covid Rematch"]
[Site "Chess.com INT"]
[Date "2021.06.06"]
[Round "?"]
[White "Carolan, James"]
[Black "Mehrafarin, Amirabbas"]
[Result "0-1"]
[WhiteElo "1339"]
[BlackElo "1734"]
[PlyCount "64"]
[EventDate "2021.06.05"]
[EventType "swiss (blitz)"]
[EventRounds "20"]
[EventCountry "ENG"]
[SourceTitle "CBM 202 Extra"]
[Source "ChessBase"]
[SourceDate "2021.07.31"]
[SourceVersion "1"]
[SourceVersionDate "2021.07.31"]
[SourceQuality "1"]

1. e4 d5 2. exd5 Qxd5 3. Nc3 Qd8 4. d4 Nf6 5. Bd3 e6 6. Nf3 Be7 7. Be3 0-0 8. Ne5 Nc6 9. f4 Nd5 10. Qh5 h6 11. Nxd5 Qxd5 12. 0-0 Nxd4 13. Bxd4 Qxd4+ 14. Kh1 Bf6 15. c3 Qc5 16. Rae1 a5 17. Rf3 Qd6 18. Rg3 Bxe5 19. fxe5 Qxd3 20. Rxd3 b6 21. Rg3 Ba6 22. Qxh6 g6 23. h4 Rad8 24. h5 Bd3 25. hxg6 Bxg6 26. Rxg6+ fxg6 27. Qxg6+ Kh8 28. g3 Rd7 29. Kg2 Rg7 30. Rh1+ Kg8 31. Qxe6+ Rff7 32. Qe8+ Rf8 0-1

[Event "Checkmate Covid Rematch"]
[Site "Chess.com INT"]
[Date "2021.06.06"]
[Round "?"]
[White "Carolan, James"]
[Black "Royal, Shreyas"]
[Result "0-1"]
[WhiteElo "1339"]
[BlackElo "2121"]
[PlyCount "50"]
[EventDate "2021.06.05"]
[EventType "swiss (blitz)"]
[EventRounds "20"]
[EventCountry "ENG"]
[SourceTitle "CBM 202 Extra"]
[Source "ChessBase"]
[SourceDate "2021.07.31"]
[SourceVersion "1"]
[SourceVersionDate "2021.07.31"]
[SourceQuality "1"]

1. e4 e5 2. Nf3 Nc6 3. Bc4 Bc5 4. 0-0 Nf6 5. d4 Bxd4 6. Nxd4 Nxd4 7. f4 d6 8. fxe5 dxe5 9. Bg5 Qe7 10. c3 Ne6 11. Bxf6 gxf6 12. Nd2 Rg8 13. Kh1 Bd7 14. Qh5 Nf4 15. Qxh7 0-0-0 16. g3 Bh3 17. Rf2 Qc5 18. Raf1 Bxf1 19. Rxf1 Rh8 20. Qf5+ Ne6 21. Bxe6+ fxe6 22. Qxe6+ Kb8 23. Nb3 Qe3 24. Qf5 Qe2 25. Nc5 Qxh2# 0-1

[Event "Dublin Irish op"]
[Site "Dublin"]
[Date "2019.04.20"]
[Round "5"]
[White "Tempany, Max"]
[Black "Carolan, James"]
[Result "1-0"]
[WhiteElo "1519"]
[BlackElo "1268"]
[PlyCount "83"]
[EventDate "2019.04.17"]
[EventType "swiss"]
[EventRounds "9"]
[EventCountry "IRL"]
[SourceTitle "CBM 190 Extra"]
[Source "ChessBase"]
[SourceDate "2019.07.15"]
[SourceVersion "1"]
[SourceVersionDate "2019.07.15"]
[SourceQuality "1"]

1. e4 c5 2. Nf3 d6 3. d4 cxd4 4. Nxd4 Nf6 5. Nc3 a6 6. Be3 Ng4 7. Bc1 e5 8. Nb3 Qb6 9. Qe2 Be6 10. f3 Nf6 11. Be3 Qc7 12. 0-0-0 Be7 13. g4 Bxb3 14. axb3 h6 15. h4 Nbd7 16. Qg2 g6 17. g5 hxg5 18. hxg5 Rxh1 19. Qxh1 Nh5 20. Nd5 Qc6 21. Bh3 Bf8 22. Bxd7+ Qxd7 23. Nb6 Qd8 24. Nxa8 Qxa8 25. Qf1 Nf4 26. Bxf4 exf4 27. Qc4 Qd8 28. Qa4+ Ke7 29. e5 Ke6 30. Qc4+ d5 31. Qxf4 Bg7 32. Re1 Qa5 33. Re2 Qa1+ 34. Kd2 Qa5+ 35. c3 Qc7 36. Qg4+ Ke7 37. e6 f5 38. Qb4+ Ke8 39. e7 b5 40. Qh4 a5 41. Qh7 Qf4+ 42. Kc2 1-0

[Event "Dublin Irish op"]
[Site "Dublin"]
[Date "2019.04.18"]
[Round "3"]
[White "Carolan, James"]
[Black "Scallan, Fiachra"]
[Result "0-1"]
[WhiteElo "1268"]
[BlackElo "1899"]
[PlyCount "113"]
[EventDate "2019.04.17"]
[EventType "swiss"]
[EventRounds "9"]
[EventCountry "IRL"]
[SourceTitle "CBM 190 Extra"]
[Source "ChessBase"]
[SourceDate "2019.07.15"]
[SourceVersion "1"]
[SourceVersionDate "2019.07.15"]
[SourceQuality "1"]

1. e4 e6 2. d4 d5 3. Nd2 Nc6 4. c3 e5 5. exd5 Qxd5 6. Qf3 Qxf3 7. Ngxf3 exd4 8. Nxd4 Nxd4 9. cxd4 Be6 10. Bb5+ c6 11. Bc4 Bxc4 12. Nxc4 0-0-0 13. 0-0 f6 14. b3 Ne7 15. Bb2 Nf5 16. Rad1 h5 17. Rd3 Bd6 18. Nxd6+ Rxd6 19. Re1 Rhd8 20. Re4 c5 21. Rh3 h4 22. Kf1 cxd4 23. Rd3 Rc6 24. Ke2 Kb8 25. g4 hxg3 26. hxg3 Rc2+ 27. Rd2 d3+ 28. Kd1 Rdc8 29. Ba3 Rxd2+ 30. Kxd2 Rc2+ 31. Kxd3 Rxa2 32. Bc5 b6 33. Be3 Nxe3 34. Kxe3 Ra3 35. Re8+ Kc7 36. Re7+ Kd6 37. Rxg7 Rxb3+ 38. Kd4 a5 39. Kc4 Rf3 40. Kb5 Rb3+ 41. Kc4 a4 42. Ra7 b5+ 43. Kd4 a3 44. Ra6+ Ke7 45. Ra7+ Ke6 46. g4 b4 47. Ra6+ Kf7 48. f4 Rb2 49. Kc4 a2 50. g5 fxg5 51. fxg5 b3 52. Ra7+ Kg6 53. Ra6+ Kxg5 54. Kc3 Rb1 55. Ra5+ Kf4 56. Ra4+ Kf3 57. Ra8 0-1

[Event "Dublin Irish op"]
[Site "Dublin"]
[Date "2019.04.18"]
[Round "2"]
[White "Moran, Stephen"]
[Black "Carolan, James"]
[Result "1-0"]
[WhiteElo "2165"]
[BlackElo "1268"]
[PlyCount "137"]
[EventDate "2019.04.17"]
[EventType "swiss"]
[EventRounds "9"]
[EventCountry "IRL"]
[SourceTitle "CBM 189 Extra"]
[Source "ChessBase"]
[SourceDate "2019.06.03"]
[SourceVersion "1"]
[SourceVersionDate "2019.06.03"]
[SourceQuality "1"]

1. d4 Nf6 2. Bg5 d5 3. Bxf6 exf6 4. e3 g6 5. g3 Bg7 6. Bg2 0-0 7. Ne2 Qe7 8. 0-0 Be6 9. Nd2 Nd7 10. b3 f5 11. c4 c6 12. Rc1 Nf6 13. Qc2 a5 14. Nc3 Rfc8 15. Na4 Nd7 16. c5 b5 17. cxb6 Rab8 18. Nb1 Nxb6 19. Nxb6 Rxb6 20. Nc3 Rbb8 21. Na4 Bd7 22. Nc5 Be8 23. Qd2 Qa7 24. Rc2 Qb6 25. Rfc1 Bf8 26. Bf1 Bxc5 27. Rxc5 Bd7 28. Qxa5 Qxa5 29. Rxa5 Ra8 30. Rcc5 Rxa5 31. Rxa5 Rb8 32. Bd3 Kf8 33. Kf1 Ke7 34. Ke2 h5 35. h4 f6 36. Ra7 Kd6 37. Kd2 g5 38. Be2 gxh4 39. gxh4 Ke6 40. Bxh5 Rh8 41. Bg6 Rxh4 42. Bxf5+ Kxf5 43. Rxd7 Ke6 44. Rd8 Rh2 45. Ke2 Rh1 46. Ra8 Rb1 47. Kf3 Rb2 48. Kg3 f5 49. f3 Ke7 50. Kf4 Re2 51. b4 Rb2 52. Ke5 Rf2 53. Ra7+ Kd8 54. Kxf5 Rxf3+ 55. Ke5 Rxe3+ 56. Kd6 Kc8 57. Kxc6 Kb8 58. Ra5 Rh3 59. Kxd5 Rh6 60. Kc5 Kb7 61. Kc4 Rh4 62. a4 Rh6 63. Rg5 Rc6+ 64. Rc5 Rg6 65. a5 Rg4 66. Rh5 Rg6 67. Rh7+ Ka6 68. b5+ Kxa5 69. Ra7+ 1-0